| 000 | 00678cam a2200253 4500 | ||
|---|---|---|---|
| 008 | 090401t1999 xxu||||| |||| 00| 0 eng d | ||
| 020 | _a0471246476 | ||
| 035 | _a(Sirsi) u92160 | ||
| 041 | _aeng | ||
| 050 | _a725.23 | ||
| 100 | _aHorgen, Turid H. | ||
| 245 | _aExcellence by design : transforming workplace and work practice. | ||
| 260 |
_aNew York _bJohn Wiley & Sons _c1999 |
||
| 300 | _axvi, 304p. ; 24cm. | ||
| 350 | _a29.5 | ||
| 650 | _aOFFICE DESIGN | ||
| 650 | _aWORKPLACE | ||
| 690 | _aOFFICE SERVICES AND ADMINISTRATION | ||
| 700 | _aJoroff, Michael | ||
| 700 | _aPorter, William L. | ||
| 700 | _aSchon, Donald | ||
| 942 | _n0 | ||
| 948 | _c17/03/1999 | ||
| 999 |
_c97724 _d97724 |
||